[Event "Sachsen-Anhalt Landesliga-A 1920"]
[Site "Sachsen Anhalt"]
[Date "2019.09.29"]
[Round "1.7"]
[White "Spandel, Michael"]
[Black "Thieme, Andre"]
[Result "0-1"]
[WhiteElo "1786"]
[BlackElo "1558"]
[PlyCount "80"]
[EventDate "2019.09.29"]
[EventType "team-tourn"]
[EventRounds "9"]
[EventCountry "GER"]
[SourceTitle "EXT 2023"]
[Source "ChessBase"]
[SourceDate "2022.10.05"]
[SourceVersion "1"]
[SourceVersionDate "2022.10.05"]
[SourceQuality "1"]
[WhiteTeam "Magdeburg Aufbau Elbe III"]
[BlackTeam "Gardelegen"]
[WhiteTeamCountry "GER"]
[BlackTeamCountry "GER"]

1. e4 g6 2. Nf3 Bg7 3. Nc3 d6 4. Bc4 e5 5. d3 Nc6 6. Ng5 Nh6 7. h4 Be6 8. Bxe6 fxe6 9. Nxe6 Qd7 10. Nxg7+ Qxg7 11. Be3 0-0-0 12. f3 Ng8 13. Qd2 h6 14. 0-0-0 Nge7 15. Qf2 Nd4 16. Bxd4 exd4 17. Ne2 c5 18. Nf4 Qf7 19. Nd5 Nxd5 20. exd5 Qxd5 21. Kb1 Rde8 22. Rde1 Kd7 23. Qg3 g5 24. Qh3+ Kc6 25. hxg5 Qxg5 26. Rxe8 Rxe8 27. a3 Re2 28. Qc8+ Kb6 29. Qf8 Qd5 30. b3 h5 31. g3 Rf2 32. Qh6 Qxf3 33. Qxd6+ Kb5 34. c4+ dxc3 35. a4+ Kb4 36. Rh4+ Kxb3 37. Qe6+ Ka3 38. Kc1 Rf1+ 39. Kc2 Qd1+ 40. Kxc3 Qc1# 0-1

[Event "Blankenburg op-A 13th"]
[Site "Blankenburg"]
[Date "2005.10.03"]
[Round "6"]
[White "Spandel, Michael"]
[Black "Michael, Dirk"]
[Result "0-1"]
[WhiteElo "1720"]
[BlackElo "2148"]
[PlyCount "30"]
[EventDate "2005.09.30"]
[EventType "swiss"]
[EventRounds "7"]
[EventCountry "GER"]
[SourceTitle "EXT 2007"]
[Source "ChessBase"]
[SourceDate "2006.11.23"]
[SourceVersion "1"]
[SourceVersionDate "2006.11.23"]
[SourceQuality "1"]

1. e4 c6 2. d4 d5 3. Nc3 dxe4 4. Nxe4 Nf6 5. Nxf6+ gxf6 6. Be2 Qc7 7. Bf3 Bf5 8. Ne2 h5 9. Ng3 Bg6 10. c3 h4 11. Ne2 Nd7 12. Be3 e6 13. Qd2 0-0-0 14. c4 Ne5 15. Qc3 Bb4 0-1

[Event "Blankenburg op-A 13th"]
[Site "Blankenburg"]
[Date "2005.10.02"]
[Round "4"]
[White "Spandel, Michael"]
[Black "Morgenstern, Frank"]
[Result "1-0"]
[WhiteElo "1720"]
[BlackElo "1735"]
[PlyCount "59"]
[EventDate "2005.09.30"]
[EventType "swiss"]
[EventRounds "7"]
[EventCountry "GER"]
[SourceTitle "EXT 2007"]
[Source "ChessBase"]
[SourceDate "2006.11.23"]
[SourceVersion "1"]
[SourceVersionDate "2006.11.23"]
[SourceQuality "1"]

1. e4 e6 2. Nc3 d5 3. Nf3 dxe4 4. Nxe4 Be7 5. d4 Nf6 6. Bd3 Nbd7 7. c3 Nxe4 8. Bxe4 Nf6 9. Bd3 0-0 10. Qc2 b6 11. Bd2 Bb7 12. Ne5 c5 13. Be3 Rc8 14. 0-0-0 cxd4 15. Bxd4 Qc7 16. Kb1 Rfd8 17. Rhg1 Bc5 18. Qe2 Bxd4 19. cxd4 Qd6 20. g4 Qb4 21. g5 Nd5 22. Bxh7+ Kf8 23. Qh5 Rc7 24. Rc1 Nf4 25. Rxc7 Nxh5 26. Rxf7+ Ke8 27. Bg6 Nf4 28. Rxf4+ Ke7 29. Rf7+ Kd6 30. Rxb7 1-0

[Event "GER-chT U16"]
[Site "Greifswald"]
[Date "2003.12.29"]
[Round "6.4"]
[White "Van Orsouw, Svenja"]
[Black "Spandel, Michael"]
[Result "0-1"]
[WhiteElo "1486"]
[BlackElo "1544"]
[PlyCount "132"]
[EventDate "2003.12.27"]
[EventType "team-swiss"]
[EventRounds "7"]
[EventCountry "GER"]
[SourceTitle "EXT 2022"]
[Source "ChessBase"]
[SourceDate "2021.10.06"]
[SourceVersion "1"]
[SourceVersionDate "2021.10.06"]
[SourceQuality "1"]
[WhiteTeam "Heinsberg U16"]
[BlackTeam "Magdeburg Aufbau Elbe U16"]
[WhiteTeamCountry "GER"]
[BlackTeamCountry "GER"]

1. d4 d5 2. Nc3 e6 3. e4 Bb4 4. e5 c5 5. a3 Ba5 6. Be3 Nc6 7. Bb5 Nge7 8. f4 Nf5 9. Qd2 Nxe3 10. Qxe3 Qb6 11. Qe2 cxd4 12. b4 dxc3 13. bxa5 Qxa5 14. Qd3 Bd7 15. Bxc6 Bxc6 16. Ne2 0-0 17. Qxc3 Qxc3+ 18. Nxc3 Rac8 19. Ne2 Ba4 20. c3 Rc7 21. Kd2 Rfc8 22. Rhc1 Bb5 23. Nd4 Bc4 24. Rab1 b6 25. Rb2 g6 26. g4 Kg7 27. h4 Rc5 28. a4 Ra5 29. Rb4 Rac5 30. Rb2 Rb8 31. Ra1 h6 32. Ra3 g5 33. fxg5 hxg5 34. h5 Rcc8 35. Ke3 Rc7 36. Rf2 Rbc8 37. Nf3 Kh6 38. Nd4 Rb7 39. Rf6+ Kh7 40. Nf3 Rg8 41. Nd4 Rc7 42. Nb5 Bxb5 43. axb5 Rgc8 44. Kd3 Rb7 45. Ra1 Rc4 46. Rg1 Rbc7 47. Rc1 Rxg4 48. Rcf1 Kg8 49. h6 Rh4 50. R1f3 g4 51. R3f4 Rh3+ 52. Ke2 Rcxc3 53. Rxf7 Rc2+ 54. Kd1 Ra2 55. Rf8+ Kh7 56. R4f7+ Kxh6 57. Rf6+ Kg5 58. Rg8+ Kh4 59. Rh8+ Kg3 60. Rxh3+ gxh3 61. Rg6+ Kf4 62. Rxe6 h2 63. Rh6 Ra1+ 64. Kd2 h1Q 65. Rxh1 Rxh1 66. e6 Rh8 0-1

[Event "GER-chT U16"]
[Site "Greifswald"]
[Date "2003.12.28"]
[Round "3.4"]
[White "Spandel, Michael"]
[Black "Haeussler, Philipp"]
[Result "0-1"]
[WhiteElo "1544"]
[BlackElo "1705"]
[PlyCount "102"]
[EventDate "2003.12.27"]
[EventType "team-swiss"]
[EventRounds "7"]
[EventCountry "GER"]
[SourceTitle "EXT 2022"]
[Source "ChessBase"]
[SourceDate "2021.10.06"]
[SourceVersion "1"]
[SourceVersionDate "2021.10.06"]
[SourceQuality "1"]
[WhiteTeam "Magdeburg Aufbau Elbe U16"]
[BlackTeam "Pang/Rosenheim U16"]
[WhiteTeamCountry "GER"]
[BlackTeamCountry "GER"]

1. e4 e6 2. d4 d5 3. Nc3 Nf6 4. e5 Nfd7 5. f4 c5 6. Nf3 Nc6 7. Be3 cxd4 8. Nxd4 Bc5 9. Qd2 a6 10. Qf2 Bb4 11. Nde2 b5 12. g4 Bb7 13. Bg2 Qc7 14. 0-0-0 Na5 15. Rhf1 Nc4 16. Bd4 Qa5 17. Qg3 Bxc3 18. Nxc3 b4 19. Nb1 Qxa2 20. f5 Rc8 21. Rf2 Nc5 22. fxe6 fxe6 23. Qf3 Na3 24. Qf7+ Kd8 25. Bxc5 Qxb1+ 26. Kd2 Qxc2+ 27. Ke1 Qxc5 28. Qxb7 Nc2+ 29. Ke2 Nd4+ 30. Kf1 Qb5+ 31. Qxb5 Nxb5 32. Rf7 Rc7 33. Rf4 a5 34. Ra1 Ra7 35. Ke2 Ke7 36. g5 Rc8 37. Kd2 b3 38. Rf2 Rc2+ 39. Ke3 Rxf2 40. Kxf2 Nd4 41. Bf1 Nc6 42. Ra3 a4 43. Ke3 Nxe5 44. Bb5 Nc4+ 45. Bxc4 dxc4 46. Kd4 c3 47. Kxc3 Rc7+ 48. Kb4 Rc2 49. Kxa4 Rxb2 50. Rxb3 Rxb3 51. Kxb3 Kf7 0-1

[Event "GER-chT U16"]
[Site "Greifswald"]
[Date "2003.12.27"]
[Round "1.4"]
[White "Spandel, Michael"]
[Black "Grieb, Tobias"]
[Result "1-0"]
[WhiteElo "1544"]
[BlackElo "973"]
[PlyCount "47"]
[EventDate "2003.12.27"]
[EventType "team-swiss"]
[EventRounds "7"]
[EventCountry "GER"]
[SourceTitle "EXT 2022"]
[Source "ChessBase"]
[SourceDate "2021.10.06"]
[SourceVersion "1"]
[SourceVersionDate "2021.10.06"]
[SourceQuality "1"]
[WhiteTeam "Magdeburg Aufbau Elbe U16"]
[BlackTeam "Gau Algesheim U16"]
[WhiteTeamCountry "GER"]
[BlackTeamCountry "GER"]

1. e4 e6 2. d4 d5 3. e5 c5 4. c3 Nc6 5. Nf3 Qb6 6. b3 Nge7 7. Bb2 Nf5 8. Be2 Qa5 9. 0-0 Qb6 10. Qd2 Be7 11. Bd1 h6 12. Bc2 c4 13. b4 h5 14. a4 a6 15. Na3 Qc7 16. b5 axb5 17. Nxb5 Qb6 18. Rfb1 Bd8 19. Ba3 h4 20. Nd6+ Nxd6 21. Rxb6 Bxb6 22. Bxd6 h3 23. g3 f6 24. Qf4 1-0

[Event "GER-chT U16"]
[Site "Burg Stargard"]
[Date "2002.12.27"]
[Round "1.2"]
[White "Vater, Hannes"]
[Black "Spandel, Michael"]
[Result "1-0"]
[WhiteElo "1715"]
[BlackElo "1520"]
[PlyCount "129"]
[EventDate "2002.12.27"]
[EventType "team"]
[EventRounds "7"]
[EventCountry "GER"]
[SourceTitle "CBM 092 Extra"]
[Source "ChessBase"]
[SourceDate "2003.03.07"]
[SourceVersion "1"]
[SourceVersionDate "2003.03.07"]
[SourceQuality "1"]

1. e4 e6 2. d3 d5 3. Nd2 Nf6 4. Ngf3 Nc6 5. g3 b6 6. Bg2 Bb7 7. 0-0 Be7 8. e5 Nd7 9. Re1 0-0 10. Nf1 Ncb8 11. h4 c5 12. h5 Re8 13. N1h2 Nc6 14. Ng4 f5 15. exf6 Bxf6 16. Nxf6+ Nxf6 17. h6 g6 18. Ne5 Nxe5 19. Rxe5 Nd7 20. Bg5 Qc7 21. Re1 e5 22. Qg4 Qd6 23. Re2 Qe6 24. Qxe6+ Rxe6 25. Bh3 Rae8 26. Bxe6+ Rxe6 27. Rd1 d4 28. Rde1 Kf7 29. f4 Bd5 30. fxe5 b5 31. a3 a5 32. Rf2+ Ke8 33. Bf6 Bc6 34. Bg7 Bd5 35. Ref1 Kd8 36. Rf7 Re7 37. Rxe7 Kxe7 38. Bf6+ Ke8 39. g4 Be6 40. Rf4 a4 41. c3 dxc3 42. bxc3 Nb6 43. Bg7 Nd7 44. d4 c4 45. g5 Bf5 46. Rf2 Nb6 47. Rf1 Kf7 48. Kf2 Nd5 49. Rc1 Ke6 50. Bf6 Kd7 51. Ke2 Ke6 52. Bd8 Kd7 53. Ba5 Ke6 54. Ra1 Kd7 55. Ra2 Kc6 56. Kf2 Nf4 57. Kf3 Ne6 58. Rg2 Kd5 59. Ke3 Bd3 60. Bb4 Bf5 61. Be7 Kc6 62. Rf2 Kd7 63. Bf6 Nf8 64. d5 Ke8 65. Rb2 1-0